01686nam a22001697a 4500008004100000020001500041050001600056100001800072245008200090260002900172300002900201500002000230505119600250650002601446700002301472700002101495120614t xxu||||| |||| 00| 0 eng d a0256160538 aHF5635.L684 aLibby, Robert aFinancial accounting. /cRobert Libby, Patricia A. Libby and Daniel G. Short. aChicago:bIrwin,cc1976. axix, 752 p.:billc28cm. aIncludes index. aContents: Financial statements and business decisions: Management decision setting: maxidrive corporation -- The Accounting model and transaction analysis: Management decision setting -- Income measurement and operating decisions: Management decision setting -- The Adjustment process and financial statement presentation: Management decision setting -- The Communication of accounting information: Management decision setting -- Accounting for sales revenue, cash, and receivables -- Measuring inventory and cost of goods sold: Management decision setting -- Operational assets-property, plant, and equipment; natural resources; and intangibles: Management decision setting -- Measuring and reporting liabilities: Management decision setting -- Measuring and reporting bonds: Management decision setting -- Measuring and reporting owners' equity: Management decision setting -- Measuring and reporting investments in other corporations: Management decision setting -- Statement of cash flows: Management decision setting -- Using and interpreting financial statements: Management decision setting -- Appendix A: Future and present value tables -- Appendix B: Financial statements for toys. bFinancial accounting. aLibby, Patricia A. aShort, Daniel G.